<?xml version="1.0" encoding="UTF-8"?>
<record
    xmlns:xsi="http://www.w3.org/2001/XMLSchema-instance"
    xsi:schemaLocation="http://www.loc.gov/MARC21/slim http://www.loc.gov/standards/marcxml/schema/MARC21slim.xsd"
    xmlns="http://www.loc.gov/MARC21/slim">

  <leader>01207nam a22002295i 4500</leader>
  <controlfield tag="001">54108</controlfield>
  <controlfield tag="003">ES-MaACL</controlfield>
  <controlfield tag="007">t|</controlfield>
  <controlfield tag="008">960711m18601880fr           ||||1| fre d</controlfield>
  <datafield tag="040" ind1=" " ind2=" ">
    <subfield code="a">CAM </subfield>
    <subfield code="b">spa </subfield>
    <subfield code="c">CAM</subfield>
  </datafield>
  <datafield tag="100" ind1="1" ind2=" ">
    <subfield code="a">F&#xE9;tis, Fran&#xE7;ois Joseph.</subfield>
    <subfield code="9">50629</subfield>
  </datafield>
  <datafield tag="245" ind1="1" ind2="0">
    <subfield code="a">Biographie universelle des musiciens et bibliographie g&#xE9;n&#xE9;rale de la musique </subfield>
    <subfield code="b">: par F. J. F&#xE9;tis.</subfield>
  </datafield>
  <datafield tag="250" ind1=" " ind2=" ">
    <subfield code="a">2e &#xE9;d. enti&#xE9;rement refondue et augment&#xE9;e de plus de moiti&#xE9;.</subfield>
  </datafield>
  <datafield tag="260" ind1=" " ind2=" ">
    <subfield code="a">Paris : </subfield>
    <subfield code="b">Librairie de Firmin Didot Fr&#xE9;res, fils et cie, </subfield>
    <subfield code="c">1860-1880 (</subfield>
    <subfield code="f">Typographie de H. Firmin Didot)</subfield>
  </datafield>
  <datafield tag="300" ind1=" " ind2=" ">
    <subfield code="a">10 v. ; </subfield>
    <subfield code="c">24 cm.</subfield>
  </datafield>
  <datafield tag="500" ind1=" " ind2=" ">
    <subfield code="3">Suplementos v. IX y X: "publi&#xE9;s sous la direction de Arthur Pougin"</subfield>
  </datafield>
  <datafield tag="505" ind1="8" ind2=" ">
    <subfield code="a">Contiene: v. 1. A-Bohrer -- v. 2. Boieldieu-Derossi -- v. 3. Desargus-Giardini -- v. 4. Gibbons-Karynski -- v. 5. Kechlina-Martini -- v. 6. Martini, Jean Baptiste-P&#xE9;rolle -- v. 7. Perotti-Scultetus -- v. 8. Sebastiani-Zyka -- v. 9. Suppl&#xE9;ment et compl&#xE9;ment I : A-Holmes -- v. 10. Suppl&#xE9;ment et compl&#xE9;ment II : Holmes, Auguste-Zwingli</subfield>
  </datafield>
  <datafield tag="650" ind1="1" ind2="4">
    <subfield code="a">M&#xFA;sicos-</subfield>
    <subfield code="v">Biograf&#xED;as.</subfield>
    <subfield code="9">15425</subfield>
  </datafield>
  <datafield tag="650" ind1="1" ind2="4">
    <subfield code="a">M&#xFA;sica-</subfield>
    <subfield code="v">Bibliograf&#xED;as.</subfield>
    <subfield code="9">15378</subfield>
  </datafield>
  <datafield tag="700" ind1="1" ind2=" ">
    <subfield code="a">Pougin, Arthur.</subfield>
    <subfield code="9">93427</subfield>
  </datafield>
  <datafield tag="852" ind1=" " ind2=" ">
    <subfield code="a">ES-MaACL</subfield>
    <subfield code="j">G-14796-805</subfield>
  </datafield>
  <datafield tag="999" ind1=" " ind2=" ">
    <subfield code="c">54108</subfield>
    <subfield code="d">54108</subfield>
  </datafield>
  <datafield tag="952" ind1=" " ind2=" ">
    <subfield code="0">0</subfield>
    <subfield code="1">0</subfield>
    <subfield code="4">0</subfield>
    <subfield code="7">0</subfield>
    <subfield code="8">LIBXIX</subfield>
    <subfield code="a">ATENEOM</subfield>
    <subfield code="b">ATENEOM</subfield>
    <subfield code="c">SPP3</subfield>
    <subfield code="d">2008-01-17</subfield>
    <subfield code="e">SC</subfield>
    <subfield code="l">0</subfield>
    <subfield code="o">G-14796-805</subfield>
    <subfield code="p">1056865</subfield>
    <subfield code="r">2023-02-23 00:00:00</subfield>
    <subfield code="w">2023-02-23</subfield>
    <subfield code="y">MONANT</subfield>
  </datafield>
</record>
